MARC

LEADER 00000nam0a2200000 4500
001 8407
005 20231030181825.0
035 |a (RuTPU)RU\TPU\book\8453 
035 |a BOOK00008512 
090 |a 8407 
100 |a 20011209d1997 km y0rusy50 ca 
101 0 |a rus 
102 |a RU 
105 |a y z 000zy 
200 1 |a Операционные автоматы с электроприводом прямого действия  |f Ю. М. Осипов  |g Томский политехнический университет 
210 |a Томск  |c Изд-во ТПУ  |d 1997 
215 |a 200 с. 
610 1 |a электроприводы прямого действия 
610 1 |a теория 
610 1 |a расчет 
610 1 |a схемотехника 
610 1 |a операционные автоматы 
610 1 |a картографические системы 
610 1 |a навигационные системы 
675 |a 62-83  |v 3 
700 1 |a Осипов  |b Ю. М.  |g Юрий Мирзоевич 
712 0 2 |a Томский политехнический университет  |z 1991-  |2 stltpush  |3 (RuTPU)RU\TPU\col\376 
801 0 |a RU  |b 63413507  |c 20011209  |g PSBO 
801 2 |a RU  |b 63413507  |c 20070720  |g PSBO 
942 |c BK